Jeu de mots - Change ta lettre - 1 - Statistiques

Statistiques générales
  • Ce quiz a été pris 258 fois
  • Le résultat moyen est 18 sur 36
Statistiques - réponses
Hint Réponse % Correct
5. Veut dire oui en russe. Da
93%
3. Est le roi de la savane. Lion
87%
1. Désigne la mère en argot. Daronne
79%
2. On y prend le thé ou regarde la télévision. Salon
78%
5. Est une note de musique. Do
77%
1. Est un fleuve du sud de la France. Garonne
72%
5. Est une particule nobiliaire. De
70%
5. Désigne une note de musique. La
67%
5. Désigne la marque d'un petit biscuit qui se mange. Lu
66%
9. Peut aussi être protégé avec une écharpe. Cou
63%
5. Est une particule nobiliaire. Du
62%
4. Qui ne sont pas loins. Près
59%
10. Il fait mal lorsqu'il est reçu. Coup
57%
4. Désigne une somme d'argent à rembourser avec des intérêts. Prêt
57%
2. Est synonyme de "conformément à". Selon
56%
6. Permet de distinguer les karatekas. Dan
54%
2. Se cultive notamment à Cavaillon. Melon
54%
4. Qui ne sont plus des amateurs. Pros
52%
9. On peut le monter à vélo ou le protéger avec une écharpe. Col
51%
6. Peut être accolé à un dignitaire mafieux. Don
51%
9. Permet de faire pousser des plantes. Sol
50%
10. Il fait mal lorsqu'il est trop élevé. Coût
45%
8. S'il n'est pas dehors, il est ... Dans
42%
8. Sont des manifestations de générosité. Dons
41%
3. Sa piqûre fait mal. Taon
37%
4. Indique ce que l'on doit payer. Prix
36%
8. Permet de conclure un propos. Donc
35%
7. Permet de manger. Dent
33%
9. Symbole d'une unité de quantité de matière du Système international. Mol
33%
4. Qui est maintenu. Pris
32%
6. Est une somme d'argent. Dot
30%
9. Qui a perdu la raison. Fol
30%
3. On peut y admirer une cathédrale célèbre. Laon
29%
9. Est l'un des trois vices du consentement et un délit civil. Dol
22%
7. Permet de ne pas reconnaitre la réalité. Déni
15%
2. Est un homme d'État grec faisant partie des 7 sages de le Grèce. Solon
9%
Aucun quiz correspondant
Distribution des résultats
% des personnes avec chaque résultat
Percentile par nombre de réponses
Votre historique - résultats
Vous n’avez pas pris ce quiz